书目信息 |
| 题名: |
第十位缪斯
|
|
| 作者: | 郭宏安, 著 | |
| 分册: | ||
| 出版信息: | 北京 中国社会科学出版社 2013 |
|
| 页数: | 485页 | |
| 开本: | 24cm | |
| 丛书名: | 中国社会科学院学部委员专题文集 | |
| 单 册: | ||
| 中图分类: | I565.06-53 | |
| 科图分类: | ||
| 主题词: | 文学研究--wen xue yan jiu--法国--文集 | |
| 电子资源: | ||
| ISBN: | 978-7-5161-2611-0 | |
| 000 | 01051nam0 22002771 450 | |
| 001 | 0124140152 | |
| 005 | 20170324140152.0 | |
| 010 | @a978-7-5161-2611-0@dCNY96.00 | |
| 100 | @a20131119d2013 em y0chiy50 ea | |
| 101 | 0 | @achi |
| 102 | @aCN@b110000 | |
| 105 | @ay a 000yy | |
| 106 | @ar | |
| 200 | 1 | @a第十位缪斯@9di shi wei miao si@e法国文学研究中的自觉@f郭宏安著 |
| 210 | @a北京@c中国社会科学出版社@d2013 | |
| 215 | @a485页@d24cm | |
| 225 | 2 | @a中国社会科学院学部委员专题文集@9zhong guo she hui ke xue yuan xue bu wei yuan zhuan ti wen ji |
| 320 | @a有书目 | |
| 330 | @a本书收有郭宏安先生关于法国文学批评的专文30余篇。内容大致可以分为作家 (批评家)、作品批评,中译本序言,关于文学批评的随想,随笔研究。 | |
| 461 | 0 | @12001 @a中国社会科学院学部委员专题文集 |
| 517 | 1 | @a法国文学研究中的自觉@9fa guo wen xue yan jiu zhong de zi jue |
| 606 | 0 | @a文学研究@9wen xue yan jiu@y法国@j文集 |
| 690 | @aI565.06-53@v5 | |
| 701 | 0 | @a郭宏安,@9guo hong an ,@f1943-@4著 |
| 801 | 0 | @CN@TANGWEI@20160510 |
| 905 | @b0961940-2@dI565.06-53@e554@f3 | |
| 第十位缪斯:法国文学研究中的自觉/郭宏安著.-北京:中国社会科学出版社,2013 |
| 485页;24cm.-(中国社会科学院学部委员专题文集) |
| ISBN 978-7-5161-2611-0:CNY96.00 |
| 本书收有郭宏安先生关于法国文学批评的专文30余篇。内容大致可以分为作家 (批评家)、作品批评,中译本序言,关于文学批评的随想,随笔研究。 |
| ● |
| 相关链接 |
|
|
|
|
正题名:第十位缪斯
索取号:I565.06-53/554
 
预约/预借
| 序号 | 登录号 | 条形码 | 馆藏地/架位号 | 状态 | 备注 |
| 1 | 0961940 | 209619402 | 第一样本阅览室/ [索取号:I565.06-53/554] | 在馆 | |
| 2 | 0961941 | 209619411 | 第二借阅区/ [索取号:I565.06-53/554] | 在馆 | |
| 3 | 0961942 | 209619420 | 第二借阅区/ [索取号:I565.06-53/554] | 在馆 |